000 01061cab a2200313 4500
001 WB3003-27
008 090401t1994 xxu||||| |||| 00| 0 eng d
035 _a(Sirsi) u53377
041 _aeng
245 _aCutting red tape
260 _c1994
350 _a0
490 _aDaily Telegraph
_v20 Janaury 1994, 10
490 _aFinancial Times
_v20 January 1994, 9(2)
520 _aThe Deregulation Bill includes measures to allow building societies to lend to borrowers on the security of land held by a third party, late opening of shops, the transfer of legal responsibilities from government officials to contractors and the abolition of market franchise rights of local authorities.
650 _aBUILDING SOCIETIES
650 _aCAR-BOOT SALES
650 _aCONTRACTING OUT
650 _aDEREGULATION BILL
650 _aHEALTH AND SAFETY
_96244
650 _aLATE OPENING
650 _aMARKETS
650 _aMORTGAGES
650 _aOPENING HOURS
650 _aRETAIL PROPERTY
690 _aLAW
942 _n0
948 _c04/03/1997
999 _c32906
_d32906